00606nam a22002057a 450000500170000001000130001702000100003003500130004003700160005304000120006908200160008110000210009724500750011826000540019327000450024730000250029250000490031765000120036665000220037820170124110159.0 aA-257506 c00.00 aA-257506 bCen Lib/Ret aDPLbEN a181.43bSEN aSen, Anima Gupta aThe evolution of the samkhya school of thought /cby Anima Sen Gupta aNew Delhi bMunshiram Manoharlal Publishersc1986 a54, Rani Jhansi Road bNew Delhie110055 axii,184p. c21cm(Hb) aIncludes bibliographical reference and index aSankhya aPhilosophy, Indic